[Event "OOM-D14"]
[Site "?"]
[Date "2016.05.07"]
[Round "9.16"]
[White "Koruch, Maria"]
[Black "Wasala, Wiktoria"]
[Result "1-0"]
[LiveChessVersion "1.4.6"]
[BlackElo "1448"]
[WhiteElo "1362"]

1. e4 {[%clk 1:30:59]} e5 {[%clk 1:30:56]} 2. Nf3 {[%clk 1:31:25]} Nc6
{[%clk 1:31:23]} 3. Bb5 {[%clk 1:31:49]} a6 {[%clk 1:31:49]} 4. Ba4
{[%clk 1:32:08]} b5 {[%clk 1:32:15]} 5. Bb3 {[%clk 1:32:31]} Nf6 {[%clk 1:32:41]}
6. d3 {[%clk 1:32:44]} Be7 {[%clk 1:31:13]} 7. c3 {[%clk 1:32:53]} O-O
{[%clk 1:28:30]} 8. O-O {[%clk 1:33:10]} d6 {[%clk 1:28:10]} 9. Nbd2
{[%clk 1:32:56]} Na5 {[%clk 1:25:45]} 10. Bc2 {[%clk 1:33:04]} c5
{[%clk 1:25:17]} 11. Re1 {[%clk 1:32:41]} Nc6 {[%clk 1:24:52]} 12. Nf1
{[%clk 1:32:28]} h6 {[%clk 1:24:04]} 13. Ng3 {[%clk 1:32:32]} Be6
{[%clk 1:24:25]} 14. d4 {[%clk 1:23:04]} cxd4 {[%clk 1:24:36]} 15. cxd4
{[%clk 1:23:17]} exd4 {[%clk 1:25:01]} 16. Nxd4 {[%clk 1:23:33]} Nxd4
{[%clk 1:25:27]} 17. Qxd4 {[%clk 1:23:50]} Rc8 {[%clk 1:25:50]} 18. Bb1
{[%clk 1:22:34]} Ng4 {[%clk 1:02:00]} 19. Bf4 {[%clk 1:17:47]} Bf6
{[%clk 0:54:38]} 20. Qd2 {[%clk 1:17:20]} Be5 {[%clk 0:39:24]} 21. Rd1
{[%clk 1:12:30]} g5 {[%clk 0:17:46]} 22. Bxe5 {[%clk 1:09:20]} dxe5
{[%clk 0:17:51]} 23. Qe2 {[%clk 1:08:13]} Qe7 {[%clk 0:15:09]} 24. Bd3
{[%clk 1:04:03]} Rfd8 {[%clk 0:13:51]} 25. a4 {[%clk 0:57:36]} bxa4
{[%clk 0:06:34]} 26. Bxa6 {[%clk 0:56:15]} Rxd1+ {[%clk 0:06:47]} 27. Qxd1
{[%clk 0:44:44]} Ra8 {[%clk 0:04:40]} 28. Be2 {[%clk 0:43:55]} Qd7
{[%clk 0:03:52]} 29. Nh5 {[%clk 0:36:37]} Rb8 {[%clk 0:02:04]} 30. Bxg4
{[%clk 0:36:18]} Qxd1+ {[%clk 0:01:15]} 31. Bxd1 {[%clk 0:36:21]} Rxb2
{[%clk 0:01:08]} 32. Bxa4 {[%clk 0:36:01]} Kh7 {[%clk 0:01:29]} 33. Nf6+
{[%clk 0:35:30]} Kg6 {[%clk 0:01:47]} 34. Nd5 {[%clk 0:35:27]} Rd2
{[%clk 0:02:11]} 35. Rd1 {[%clk 0:34:56]} Ra2 {[%clk 0:02:20]} 36. Bb3
{[%clk 0:32:30]} Rb2 {[%clk 0:02:19]} 37. Ne7+ {[%clk 0:31:23]} Kf6
{[%clk 0:02:46]} 38. Bxe6 {[%clk 0:31:42]} Kxe6 {[%clk 0:03:11]} 39. Nf5
{[%clk 0:31:55]} h5 {[%clk 0:02:43]} 40. Rd6# {[%clk 0:32:12]} 1-0

[Event "OOM-D14"]
[Site "?"]
[Date "2016.05.07"]
[Round "9.17"]
[White "Tomczak, Marta"]
[Black "Tuznik, Martyna"]
[Result "1-0"]
[LiveChessVersion "1.4.6"]
[BlackElo "1047"]
[WhiteElo "1482"]

1. e4 {[%clk 1:30:58]} c5 {[%clk 1:30:48]} 2. c3 {[%clk 1:31:22]} d6
{[%clk 1:31:09]} 3. d4 {[%clk 1:31:41]} cxd4 {[%clk 1:31:28]} 4. cxd4
{[%clk 1:32:01]} Nc6 {[%clk 1:31:29]} 5. Nc3 {[%clk 1:31:51]} Bd7
{[%clk 1:31:23]} 6. Nf3 {[%clk 1:32:06]} g6 {[%clk 1:31:07]} 7. Be2
{[%clk 1:30:48]} Bg7 {[%clk 1:31:30]} 8. O-O {[%clk 1:31:09]} e5 {[%clk 1:29:39]}
9. d5 {[%clk 1:30:06]} Nd4 {[%clk 1:29:58]} 10. Nxd4 {[%clk 1:30:08]} exd4
{[%clk 1:30:14]} 11. Nb5 {[%clk 1:30:04]} Qb6 {[%clk 1:24:24]} 12. Na3
{[%clk 1:28:51]} Nf6 {[%clk 1:22:06]} 13. Nc4 {[%clk 1:28:41]} Qc5
{[%clk 1:21:42]} 14. b4 {[%clk 1:27:41]} Qc7 {[%clk 1:19:15]} 15. f3
{[%clk 1:23:16]} O-O {[%clk 1:19:01]} 16. Bb2 {[%clk 1:23:19]} Bb5
{[%clk 1:14:06]} 17. Rc1 {[%clk 1:22:47]} Qe7 {[%clk 1:06:35]} 18. Bxd4
{[%clk 1:22:42]} Bh6 {[%clk 1:04:44]} 19. Rc3 {[%clk 1:20:28]} Nh5
{[%clk 1:03:48]} 20. g3 {[%clk 1:19:40]} Bg7 {[%clk 0:54:53]} 21. Bxg7
{[%clk 1:18:58]} Nxg7 {[%clk 0:55:13]} 22. a4 {[%clk 1:18:58]} Bxc4
{[%clk 0:55:04]} 23. Rxc4 {[%clk 1:18:53]} a6 {[%clk 0:53:54]} 24. a5
{[%clk 1:18:24]} Rfe8 {[%clk 0:52:44]} 25. Bd3 {[%clk 1:17:53]} Qf6
{[%clk 0:52:22]} 26. Qb3 {[%clk 1:15:01]} Rac8 {[%clk 0:52:14]} 27. Be2
{[%clk 1:14:33]} Qe7 {[%clk 0:51:21]} 28. Rfc1 {[%clk 1:14:30]} Rb8
{[%clk 0:51:16]} 29. Rc7 {[%clk 1:13:09]} Qe5 {[%clk 0:50:38]} 30. Qd3
{[%clk 1:09:57]} f5 {[%clk 0:48:39]} 31. R7c4 {[%clk 1:09:19]} Nh5
{[%clk 0:46:00]} 32. f4 {[%clk 1:08:29]} fxe4 {[%clk 0:45:46]} 33. fxe5
{[%clk 1:08:12]} exd3 {[%clk 0:46:09]} 34. Bxh5 {[%clk 1:08:33]} gxh5
{[%clk 0:45:44]} 35. e6 {[%clk 1:08:51]} Re7 {[%clk 0:44:25]} 36. Rd1
{[%clk 1:08:58]} b6 {[%clk 0:43:29]} 37. axb6 {[%clk 1:09:03]} Rxb6
{[%clk 0:43:47]} 38. Rxd3 {[%clk 1:09:24]} Reb7 {[%clk 0:43:18]} 39. Rc6
{[%clk 1:09:23]} Kf8 {[%clk 0:42:41]} 40. Rc8+ {[%clk 1:08:55]} Kg7
{[%clk 0:42:15]} 41. Rd4 {[%clk 1:08:53]} Kf6 {[%clk 0:41:59]} 42. Kf2
{[%clk 1:08:50]} Ke5 {[%clk 0:42:02]} 43. Ke3 {[%clk 1:09:07]} Re7
{[%clk 0:40:14]} 44. Rg8 {[%clk 1:09:02]} Rb5 {[%clk 0:40:00]} 45. Rg5+
{[%clk 1:09:11]} Kf6 {[%clk 0:40:12]} 46. h4 {[%clk 1:09:35]} Rxd5
{[%clk 0:39:42]} 47. Rdxd5 {[%clk 1:09:39]} Kxe6 {[%clk 0:39:48]} 48. Rxh5
{[%clk 1:09:40]} Kd7+ {[%clk 0:39:53]} 49. Kf4 {[%clk 1:09:52]} Kc6
{[%clk 0:40:05]} 50. b5+ {[%clk 1:10:00]} axb5 {[%clk 0:39:57]} 51. Rxb5
{[%clk 1:10:22]} Rf7+ {[%clk 0:40:01]} 52. Rbf5 {[%clk 1:10:40]} Ra7
{[%clk 0:40:18]} 53. Rh6 {[%clk 1:10:57]} Ra4+ {[%clk 0:40:33]} 54. Kg5
{[%clk 1:11:18]} Ra3 {[%clk 0:40:41]} 55. Rxh7 {[%clk 1:11:28]} Rxg3+
{[%clk 0:41:01]} 56. Kf6 {[%clk 1:11:50]} Rh3 {[%clk 0:41:09]} 57. h5
{[%clk 1:12:14]} Rh4 {[%clk 0:41:01]} 58. h6 {[%clk 1:12:31]} d5 {[%clk 0:41:17]}
59. Kg5 {[%clk 1:12:21]} Rh1 {[%clk 0:41:11]} 60. Rhf7 {[%clk 1:12:36]} d4
{[%clk 0:40:42]} 61. h7 {[%clk 1:12:48]} d3 {[%clk 0:39:33]} 62. R5f6+
{[%clk 1:12:57]} Kc5 {[%clk 0:39:49]} 63. Rh6 {[%clk 1:13:20]} Rxh6
{[%clk 0:39:43]} 64. Kxh6 {[%clk 1:13:45]} d2 {[%clk 0:39:57]} 65. Rd7
{[%clk 1:14:07]} Kc4 {[%clk 0:39:37]} 66. h8=Q {[%clk 1:14:26]} Kb3
{[%clk 0:39:50]} 67. Qc8 {[%clk 1:14:32]} Kb4 {[%clk 0:40:07]} 68. Rb7+
{[%clk 1:14:55]} Ka5 {[%clk 0:40:33]} 69. Qa8# 1-0

[Event "OOM-D14"]
[Site "?"]
[Date "2016.05.07"]
[Round "9.18"]
[White "Sivickis, Wiktoria"]
[Black "Filipska, Maja"]
[Result "0-1"]
[LiveChessVersion "1.4.6"]
[BlackElo "1479"]
[WhiteElo "1459"]

1. d4 {[%clk 1:30:57]} d6 {[%clk 1:30:39]} 2. c4 {[%clk 1:31:18]} Nd7
{[%clk 1:30:48]} 3. Nc3 {[%clk 1:31:40]} e5 {[%clk 1:30:12]} 4. d5
{[%clk 1:31:53]} g6 {[%clk 1:28:56]} 5. e4 {[%clk 1:31:26]} Bg7 {[%clk 1:28:12]}
6. Nge2 {[%clk 1:30:54]} Ne7 {[%clk 1:27:07]} 7. g3 {[%clk 1:28:08]} O-O
{[%clk 1:25:59]} 8. Bg2 {[%clk 1:28:11]} f5 {[%clk 1:19:33]} 9. Be3
{[%clk 1:24:02]} Nf6 {[%clk 1:16:38]} 10. f3 {[%clk 1:23:43]} fxe4
{[%clk 1:15:24]} 11. fxe4 {[%clk 1:23:25]} Ng4 {[%clk 1:13:13]} 12. Qd2
{[%clk 1:23:35]} Nxe3 {[%clk 1:10:49]} 13. Qxe3 {[%clk 1:23:55]} Bg4
{[%clk 1:06:29]} 14. O-O-O {[%clk 1:23:25]} a6 {[%clk 1:02:27]} 15. h3
{[%clk 1:23:15]} Bd7 {[%clk 0:59:18]} 16. Rdf1 {[%clk 1:20:00]} b5
{[%clk 0:58:02]} 17. c5 {[%clk 1:17:10]} dxc5 {[%clk 0:53:49]} 18. Qxc5
{[%clk 1:17:10]} Nc8 {[%clk 0:52:59]} 19. Kb1 {[%clk 1:12:41]} Nd6
{[%clk 0:51:06]} 20. Qe3 {[%clk 0:58:24]} Nc4 {[%clk 0:49:05]} 21. Qc1
{[%clk 0:58:46]} Qe7 {[%clk 0:44:42]} 22. Bf3 {[%clk 0:53:27]} Rf7
{[%clk 0:41:23]} 23. Bg4 {[%clk 0:46:03]} Raf8 {[%clk 0:38:58]} 24. Rxf7
{[%clk 0:46:11]} Rxf7 {[%clk 0:39:14]} 25. Bxd7 {[%clk 0:46:27]} Qxd7
{[%clk 0:39:38]} 26. b3 {[%clk 0:46:03]} Nd6 {[%clk 0:39:35]} 27. Qe3
{[%clk 0:45:34]} Qc8 {[%clk 0:37:15]} 28. h4 {[%clk 0:45:28]} Qg4
{[%clk 0:34:55]} 29. Qd3 {[%clk 0:40:31]} Rf3 {[%clk 0:32:16]} 30. Qc2
{[%clk 0:40:04]} Rf2 {[%clk 0:31:13]} 31. Re1 {[%clk 0:39:21]} Rh2
{[%clk 0:28:03]} 32. a3 {[%clk 0:38:37]} Qf3 {[%clk 0:24:57]} 33. Ka1
{[%clk 0:34:15]} Qxg3 {[%clk 0:18:59]} 34. Nxg3 {[%clk 0:33:38]} Rxc2
{[%clk 0:19:25]} 35. Nce2 {[%clk 0:33:56]} Bh6 {[%clk 0:18:58]} 36. Kb1
{[%clk 0:33:55]} Rd2 {[%clk 0:18:49]} 37. Ng1 {[%clk 0:30:31]} Rd3
{[%clk 0:18:20]} 38. N1e2 {[%clk 0:29:22]} Rxb3+ {[%clk 0:18:05]} 39. Ka2
{[%clk 0:29:45]} Re3 {[%clk 0:18:12]} 0-1

[Event "OOM-D14"]
[Site "?"]
[Date "2016.05.07"]
[Round "9.19"]
[White "Kubasik, Aleksandra"]
[Black "Zaborowska, Maria"]
[Result "1-0"]
[LiveChessVersion "1.4.6"]
[BlackElo "1250"]
[WhiteElo "1151"]

1. e4 {[%clk 1:30:59]} e6 {[%clk 1:30:56]} 2. d4 {[%clk 1:31:21]} d5
{[%clk 1:31:20]} 3. Nc3 {[%clk 1:31:33]} Nf6 {[%clk 1:29:04]} 4. e5
{[%clk 1:31:26]} Nfd7 {[%clk 1:29:28]} 5. f4 {[%clk 1:31:23]} c5 {[%clk 1:29:38]}
6. Nf3 {[%clk 1:30:49]} Nc6 {[%clk 1:29:30]} 7. Be3 {[%clk 1:29:05]} a6
{[%clk 1:23:05]} 8. Qd2 {[%clk 1:27:32]} b5 {[%clk 1:17:41]} 9. dxc5
{[%clk 1:24:45]} Bxc5 {[%clk 1:17:47]} 10. Bxc5 {[%clk 1:23:18]} Nxc5
{[%clk 1:18:11]} 11. Bd3 {[%clk 1:19:11]} Nxd3+ {[%clk 1:15:09]} 12. cxd3
{[%clk 1:16:47]} Bb7 {[%clk 1:14:50]} 13. Ne2 {[%clk 1:13:56]} Qa5
{[%clk 1:01:44]} 14. Ned4 {[%clk 1:11:05]} Qxd2+ {[%clk 1:01:56]} 15. Kxd2
{[%clk 1:11:23]} Nxd4 {[%clk 1:02:13]} 16. Nxd4 {[%clk 1:11:46]} O-O
{[%clk 1:02:35]} 17. Rac1 {[%clk 1:08:39]} Rac8 {[%clk 1:02:59]} 18. Rc2
{[%clk 1:07:00]} Rfd8 {[%clk 0:45:57]} 19. Rhc1 {[%clk 1:04:44]} Kf8
{[%clk 0:45:35]} 20. g4 {[%clk 1:02:27]} Rxc2+ {[%clk 0:44:33]} 21. Rxc2
{[%clk 1:02:47]} Rc8 {[%clk 0:44:55]} 22. Rxc8+ {[%clk 1:02:11]} Bxc8
{[%clk 0:45:21]} 23. Kc3 {[%clk 1:01:14]} Ke7 {[%clk 0:45:24]} 24. Kb4
{[%clk 1:00:20]} Kd7 {[%clk 0:45:47]} 25. Kc5 {[%clk 0:59:54]} Kc7
{[%clk 0:45:53]} 26. b4 {[%clk 0:58:11]} f6 {[%clk 0:45:36]} 27. Nf3
{[%clk 0:52:18]} h6 {[%clk 0:43:10]} 28. d4 {[%clk 0:48:49]} Bd7 {[%clk 0:42:48]}
29. h4 {[%clk 0:46:19]} Be8 {[%clk 0:42:09]} 30. f5 {[%clk 0:45:02]} Bf7
{[%clk 0:41:46]} 31. a3 {[%clk 0:41:35]} Bg8 {[%clk 0:40:56]} 32. Nd2
{[%clk 0:39:02]} Bf7 {[%clk 0:40:35]} 33. Nf3 {[%clk 0:37:01]} Bg8
{[%clk 0:40:51]} 34. Ne1 {[%clk 0:31:55]} fxe5 {[%clk 0:40:30]} 35. dxe5
{[%clk 0:32:03]} h5 {[%clk 0:39:15]} 36. fxe6 {[%clk 0:29:52]} Bxe6
{[%clk 0:39:39]} 37. g5 {[%clk 0:29:49]} g6 {[%clk 0:39:48]} 38. Nd3
{[%clk 0:29:52]} Bf7 {[%clk 0:38:04]} 39. Nf4 {[%clk 0:29:41]} Kc8
{[%clk 0:33:40]} 40. Nxd5 {[%clk 0:26:22]} Bxd5 {[%clk 0:34:03]} 41. Kxd5
{[%clk 0:26:46]} Kd7 {[%clk 0:34:32]} 42. e6+ {[%clk 0:26:29]} Ke7
{[%clk 0:34:56]} 43. Ke5 {[%clk 0:26:51]} Ke8 {[%clk 0:35:07]} 44. Kf6
{[%clk 0:26:32]} Kf8 {[%clk 0:35:33]} 45. Kxg6 {[%clk 0:26:39]} Ke7
{[%clk 0:35:59]} 46. Kf5 {[%clk 0:27:02]} Kf8 {[%clk 0:36:24]} 47. g6
{[%clk 0:27:27]} Kg7 {[%clk 0:36:42]} 48. e7 {[%clk 0:27:38]} Kh6
{[%clk 0:36:59]} 49. e8=Q {[%clk 0:27:52]} Kg7 {[%clk 0:37:23]} 50. Qf7+
{[%clk 0:28:16]} Kh6 {[%clk 0:37:46]} 51. Qh7# 1-0

[Event "OOM-D14"]
[Site "?"]
[Date "2016.05.07"]
[Round "9.22"]
[White "Wyrzykowska, Aleksandra"]
[Black "Bartkowska, Dorota"]
[Result "1-0"]
[LiveChessVersion "1.4.6"]
[BlackElo "1090"]
[WhiteElo "1254"]

1. e4 {[%clk 1:30:58]} e5 {[%clk 1:30:51]} 2. Nf3 {[%clk 1:31:21]} d6
{[%clk 1:31:05]} 3. d4 {[%clk 1:31:24]} exd4 {[%clk 1:31:19]} 4. Nxd4
{[%clk 1:31:23]} Be7 {[%clk 1:31:02]} 5. Bc4 {[%clk 1:31:21]} Nf6
{[%clk 1:30:27]} 6. Nc3 {[%clk 1:31:37]} Nc6 {[%clk 1:29:33]} 7. Be3
{[%clk 1:29:55]} Nxd4 {[%clk 1:22:33]} 8. Bxd4 {[%clk 1:29:13]} Be6
{[%clk 1:22:43]} 9. Nd5 {[%clk 1:23:12]} c6 {[%clk 1:20:07]} 10. Nxf6+
{[%clk 1:23:05]} Bxf6 {[%clk 1:20:26]} 11. Bxe6 {[%clk 1:22:37]} fxe6
{[%clk 1:19:56]} 12. Bxf6 {[%clk 1:20:04]} gxf6 {[%clk 1:18:23]} 13. Qh5+
{[%clk 1:19:42]} Kd7 {[%clk 1:17:40]} 14. O-O-O {[%clk 1:19:13]} Kc7
{[%clk 1:15:18]} 15. Qf7+ {[%clk 1:18:37]} Qd7 {[%clk 1:13:41]} 16. Qxf6
{[%clk 1:18:45]} Raf8 {[%clk 1:13:41]} 17. Qd4 {[%clk 1:18:51]} b6
{[%clk 1:08:39]} 18. Rd3 {[%clk 1:17:30]} c5 {[%clk 1:07:37]} 19. Qe3
{[%clk 1:15:55]} Qf7 {[%clk 1:03:04]} 20. f3 {[%clk 1:15:36]} e5 {[%clk 0:57:38]}
21. Kb1 {[%clk 1:12:53]} Qf4 {[%clk 0:50:19]} 22. Qxf4 {[%clk 1:08:31]} exf4
{[%clk 0:49:49]} 23. Rhd1 {[%clk 1:08:26]} Rd8 {[%clk 0:49:20]} 24. Rd5
{[%clk 1:08:26]} Rhg8 {[%clk 0:48:24]} 25. R1d2 {[%clk 1:08:08]} a5
{[%clk 0:48:10]} 26. a4 {[%clk 1:05:27]} Kc6 {[%clk 0:46:20]} 27. Rh5
{[%clk 1:01:37]} b5 {[%clk 0:44:11]} 28. axb5+ {[%clk 1:00:08]} Kxb5
{[%clk 0:44:25]} 29. Rxh7 {[%clk 0:59:11]} Rh8 {[%clk 0:41:14]} 30. Rxh8
{[%clk 0:57:32]} Rxh8 {[%clk 0:41:29]} 31. Rxd6 {[%clk 0:57:16]} Rxh2
{[%clk 0:41:44]} 32. Rf6 {[%clk 0:55:43]} Rh4 {[%clk 0:40:26]} 33. Ka2
{[%clk 0:54:39]} Kc4 {[%clk 0:36:20]} 34. Ka3 {[%clk 0:51:04]} Kd4
{[%clk 0:36:22]} 35. Ka4 {[%clk 0:48:25]} Ke5 {[%clk 0:36:11]} 36. Rf5+
{[%clk 0:47:05]} Kd4 {[%clk 0:34:34]} 37. Kxa5 {[%clk 0:46:04]} Ke3
{[%clk 0:33:43]} 38. Rxc5 {[%clk 0:45:08]} Rh2 {[%clk 0:33:34]} 39. Rg5
{[%clk 0:42:52]} Kf2 {[%clk 0:31:24]} 40. Rg4 {[%clk 0:40:13]} Rxg2
{[%clk 0:31:03]} 41. Rxg2+ {[%clk 0:38:19]} Kxg2 {[%clk 0:31:24]} 42. e5
{[%clk 0:38:40]} Kxf3 {[%clk 0:27:27]} 43. e6 {[%clk 0:39:03]} Ke3
{[%clk 0:27:18]} 44. e7 {[%clk 0:39:24]} Kd2 {[%clk 0:27:25]} 45. e8=Q
{[%clk 0:39:43]} f3 {[%clk 0:27:30]} 46. Qf7 {[%clk 0:39:25]} Ke3
{[%clk 0:27:26]} 47. b4 {[%clk 0:39:37]} f2 {[%clk 0:27:46]} 48. b5
{[%clk 0:39:54]} 1-0

[Event "OOM-D14"]
[Site "?"]
[Date "2016.05.07"]
[Round "9.23"]
[White "Ullrich, Agata"]
[Black "Laszczuk, Zuzanna"]
[Result "1-0"]
[LiveChessVersion "1.4.6"]
[BlackElo "1062"]
[WhiteElo "1199"]

1. e4 e5 2. Nf3 Nc6 3. Bc4 Bc5 4. c3 Nf6 5. d4 exd4 6. cxd4 Bb4+ 7. Nc3 Nxe4 8.
O-O Nxc3 9. bxc3 Bxc3 10. Qb3 d5 11. Bxd5 O-O 12. Qxc3 Qxd5 13. Bb2 Bg4 14. Ne5
Nxe5 15. dxe5 c6 16. e6 f6 17. e7 Rfe8 18. Rfe1 Kh8 19. Ba3 b6 20. f3 Bf5 21.
Rad1 Qxa2 22. Qxc6 Qxa3 23. Qxa8 Qc5+ 24. Kh1 Bg6 25. Qxa7 Qf2 26. Rg1 Kg8 27.
Rd8 Qe3 28. Qa2+ Kh8 29. Qa7 h6 30. Qd7 Rxd8 31. exd8=Q+ Kh7 32. Qd5 Qc3 33.
Q5g8# 1-0